The Wrong Critiques: Why Internal Border Controls Don’t Mean the End of Schengen
Teoretické perspektívy schengenského priestoru. Právna analýza vnútorných hraníc. Falošná dichotómia medzi suverenitou a solidaritou. Dva typy suverenity v Schengene. Schengen v praxi.
Salvato in:
| Autore principale: | |
|---|---|
| Natura: | Capitolo di libro |
| Lingua: | inglese |
| Soggetti: | |
| Tags: |
Nessun Tag, puoi essere il primo ad aggiungerne!!
|
MARC
| LEADER | 00000naa a2200000 4500 | ||
|---|---|---|---|
| 001 | 0254260 | ||
| 005 | 20190528090926.0 | ||
| 041 | 0 | |a eng | |
| 044 | |a CZ | ||
| 245 | 1 | 0 | |a The Wrong Critiques: Why Internal Border Controls Don’t Mean the End of Schengen |c Markéta Votoupalová |
| 520 | |a Teoretické perspektívy schengenského priestoru. Právna analýza vnútorných hraníc. Falošná dichotómia medzi suverenitou a solidaritou. Dva typy suverenity v Schengene. Schengen v praxi. | ||
| 610 | 2 | 0 | |a hranice štátne |
| 610 | 2 | 0 | |a suverenita štátna |
| 610 | 2 | 0 | |a solidarita |
| 610 | 2 | 0 | |a Európa |
| 610 | 2 | 0 | |a Európska únia |
| 610 | 2 | 0 | |a kontrola |
| 610 | 2 | 0 | |a spolupráca medzinárodná |
| 610 | 2 | 0 | |a bezpečnosť európska |
| 100 | 1 | |a Votoupalová, Markéta | |